000 01685na a2200433 4500
001 20548
003 MIRAKIL
005 20181213155042.0
008 170124b tu 000 0
035 _a20548
040 _aMilas
_btur
_cTR-AnCHP
041 _atur
082 _aCHP 324.23072
_bC36b 2000
090 _aCHP 324.23072 C36b 2000
110 _aCumhuriyet Halk Partisi (CHP)
_bSol Kanat
222 _aBildirgeler
245 _aCHP yeniden yapılanma örgüt girişimi (Sol Kanat) 13.2.2000 toplantısı sonuç bildirgesi
_cCHP Yeniden Yapılanma Örgüt Girişim Grubu (Sol Kanat)
246 _aCHP 11. olağanüstü kurultayı bildirgesi
246 _aCHP Sol Kanat bildirgesi
246 _aCHP yeniden yapılanma örgüt girişimi bildirgesi
246 _aCHP Sol Kanat 13.2.2000 toplantısı sonuç bildirgesi
260 _aAnkara
_bCHP
_c2000
300 _a[8] s.
_c21 sm.
440 _aCumhuriyet Halk Partisi yayınları
_pBildirgeler
610 _aCHP
_bSol Kanat
_xPropaganda ve ideolojiler
_yBildirgeler
610 _aCumhuriyet Halk Partisi (CHP)
_bSol Kanat
_xOlağanüstü kurultaylar, 2000
_yBildirgeler
651 _aTürkiye
_xSiyaset ve yönetim
_y2000-2002
657 _aCHP olanağüstü kurultayları
657 _aCHP bildirgeleri
657 _aCHP kurultayları
657 _aCHP kurultay bildirgesi
657 _aCHP kurultay bildirgeleri
710 _aCHP Yeniden Yapılanma Örgüt Girişim Grubu (Sol Kanat)
740 _aCHP yeniden yapılanma örgüt girişimi bildirgesi
740 _aCHP Sol Kanat 13.2.2000 toplantısı sonuç bildirgesi
830 _aCHP bildirgeleri
942 _2ddc
_cBKS
999 _c5631
_d5631